000
00325nam a22001457a 4500
008
230418b ||||| |||| 00| 0 eng d
020
_a
9781349293124
041
_a
eng
080
_a
82
082
_a
82SCH
100
_a
44
101
_a
ENCI
245
_a
BRITISH LITERARY SALONS OF THE LATE
_c
SCHMID.S
942
_2
udc
_c
BK
999
_c
59584
_d
59584